1229 1694 1564 1469 1809 1813 1939 1449 1849 1696 1060 1257 1445 1649 1246 1932 1367 1111 1442 1077 1845 1447 1875 1865 1392 1658 1703 1343 1012 1537 1056 1734 1094 1356 1425 1787 1324 1052 1131 1922 1478 1976 1495 1329 1310 1765 1335 1792 1343 1966 1581 1037 1988 1102 1007 1642 1604 1665 1937 1606 1861 1614 1869 1625 1553 1980 1342 1037 1106 1448 1164 1598 1707 1867 1257 1891 1843 1313 1911 1924 1527 1596 1920 1199 1774 1139 1737 1706 1001 1087 1044 1377 1482 1598 1627 1856 1424 1023 1086 BCNSPRNW ULIB Ver.6.0+V

เปลี่ยนเป็นภาษาไทย

Change to English
 แสดงรายละเอียดบรรณานุกรม
  กลับหน้าหลัก

Brief Record : Get Marc (ISO 2709) : E-mail record : QR code < ปิดหน้าต่าง
LEADER : 00000nam 2200000uu 4500
001    13399113609
003     ULIB
008    111201s2551||||th 000 0 tha d
020    ^a9789741047154
090    ^aนว.^bพ840ร 2551
100 0  ^aพู่กันสีฝุ่น
245 00 ^aSweet Ice Cream รักนี้หวานเย็นจับใจ/^cพู่กันสีฝุ่น
250    ^aพิมพ์ครั้งที่ 1
260    ^aกรุงเทพฯ :^bแจ่มใส,^c2551
300    ^a174 หน้า
710 1  ^aแจ่มใส
945    ^p149^l0^i15038
995    ^aทศพร
999    ^aใช้งานได้ทุกระบบ
รายการนี้ยังไม่มีแท็ก
คุณยังไม่ได้ล็อกอิน คุณสามารถมีกิจกรรมร่วมกับเว็บไซต์ได้ แต่ต้องล็อกอินก่อน ::
  ล็อกอิน

รายการสื่อสารสนเทศ

ลำดับที่ ประเภท เลขเรียก/บาร์โค้ด สถานที่ สถานะ
1. นวนิยาย
นวนิยาย
นว. พ840ร 2551 ฉ.1 
  Barcode: 15038
ห้องสมุดวิทยาเขตสวรรค์ประชารักษ์
►นวนิยาย
บนชั้น
  ขอยืม

BibComment


ยังไม่เคยถูกคอมเมนท์

คอมเมนท์ทรัพยากรรายการนี้
  คอมเมนท์: Sweet Ice Cream ..


 Copyright 2026. Bcnsprnw @Library